000 00984nam a2200265 i 4500
001 67463
003 ES-MaACL
005 20250831091717.0
007 t|
008 040528s2003 sp |||| | spa d
020 _a84-95886-08-1
080 _a342.4(460)"1978"
245 0 0 _aCon la palabra y la imagen :
_b25 años de Constitución española /
_c[idea y proyecto Alfonso Guerra y Salvador Clotas].
250 _a1ª ed.
260 _a[Madrid] :
_bFundación Pablo Iglesias,
_c2003.
300 _a217 p. :
_bil. col. y n. ;
_c25 cm.
594 _aEncuentro de escritores y artistas en conmemoración del 25º aniversario de la Constitución española.
610 1 4 _aEspaña.
_tConstitución, 1978.
_93657
651 4 _aEspaña-
_xHistoria constitucional-
_yS.XX.
_9154408
700 1 _aGuerra, Alfonso,
_d1940-
_960479
700 1 _aClotas, Salvador.
_939295
710 2 _aFundación Pablo Iglesias
_94374
852 4 _aES-MaACL
_jL-27688
999 _c67463
_d67463